000 00823cab a2200217 4500
001 E1839
008 090401t1993 xxu||||| |||| 00| 0 eng d
035 _a(Sirsi) u35969
041 _aeng
245 _aDrury v McGarvie
260 _c1993
350 _a0
490 _aScots Law Times
_v30 1 October 1993, 987-992(6)
520 _aHeritable property - servitude - right of access - proprietor of servient tenement erecting swing gates across access - dominant proprietors disabled - whether gates amounted to an obstruction - appropriate test - appropriate remedy where agtes amounted to obstruction because of proprietor `s disability.
650 _aHERITABLE PROPERTY
650 _aRIGHT OF ACCESS
650 _aTENEMENTS
690 _aPROPERTY LAW AND PRACTICE-CASE LAW
942 _n0
948 _c04/03/1997
999 _c23499
_d23499